[Event "Asuncion CIT op"]
[Site "Asuncion"]
[Date "2023.08.18"]
[Round "9"]
[White "Florescu, Liviu Gabriel"]
[Black "Irala Zarate, Sebastian Ezequiel"]
[Result "1-0"]
[WhiteElo "1585"]
[BlackElo "1318"]
[PlyCount "71"]
[EventDate "2023.08.12"]
[EventType "swiss"]
[EventRounds "9"]
[EventCountry "PAR"]
[SourceTitle "CBM 215 Extra"]
[Source "ChessBase"]
[SourceDate "2023.09.30"]
[SourceVersion "1"]
[SourceVersionDate "2023.09.30"]
[SourceQuality "1"]

1. d4 d5 2. Nc3 Nf6 3. Bf4 a6 4. e3 e6 5. a3 c5 6. Nf3 Nc6 7. dxc5 Bxc5 8. Bd3 Bd6 9. Bg5 Be7 10. 0-0 0-0 11. e4 dxe4 12. Nxe4 Nxe4 13. Bxe7 Qxe7 14. Bxe4 Rd8 15. Qe2 Bd7 16. Rad1 e5 17. Bxc6 Bxc6 18. Qxe5 Bxf3 19. Qxe7 Bxd1 20. c4 Bc2 21. b4 Bd3 22. Rc1 Bxc4 23. Qxb7 Bb5 24. h3 Rab8 25. Qf3 Rd3 26. Qf4 Rbd8 27. Rc7 f6 28. Qg4 R3d7 29. Rxd7 Rxd7 30. Qe6+ Kf8 31. Qe3 Rd1+ 32. Kh2 Rd3 33. Qc1 Kf7 34. a4 Rd4 35. axb5 axb5 36. Qc5 1-0

[Event "Asuncion CIT op"]
[Site "Asuncion"]
[Date "2023.08.15"]
[Round "5"]
[White "Vera, Gajardo Jorge L"]
[Black "Irala Zarate, Sebastian Ezequiel"]
[Result "1-0"]
[WhiteElo "1628"]
[BlackElo "1318"]
[PlyCount "75"]
[EventDate "2023.08.12"]
[EventType "swiss"]
[EventRounds "9"]
[EventCountry "PAR"]
[SourceTitle "CBM 215 Extra"]
[Source "ChessBase"]
[SourceDate "2023.09.30"]
[SourceVersion "1"]
[SourceVersionDate "2023.09.30"]
[SourceQuality "1"]

1. d4 d5 2. Bf4 Nf6 3. e3 e6 4. Nf3 Bd6 5. Bg3 0-0 6. Nbd2 c5 7. c3 Nc6 8. Bd3 Qc7 9. dxc5 Bxg3 10. hxg3 e5 11. Bc2 e4 12. Nd4 Ne5 13. b4 b6 14. N2b3 a5 15. Nb5 Qd7 16. a4 axb4 17. cxb4 Nc4 18. cxb6 Nxb6 19. Nc5 Qc6 20. Nd4 Qc7 21. Bb3 Nbd7 22. Rc1 Qb6 23. Qd2 Rd8 24. a5 Qd6 25. Nb5 Qe5 26. Qd4 Ba6 27. Nxa6 Rxa6 28. Nc7 Rc8 29. Qxe5 Nxe5 30. 0-0 Nd3 31. Nxa6 Nxc1 32. Ba4 Na2 33. b5 Nc3 34. b6 Nxa4 35. b7 Rd8 36. b8Q Rxb8 37. Nxb8 Nc5 38. Rc1 1-0